000 01024nas a2200337 4500
001 BR0502311
003 BR-BrBNA
005 20231205105326.0
007 ta
008 230509b bl.|||p| |||| 00| 00por d
040 _aBR-BrBNA
_bpor
_cBiblioteca Nacional de Agricultura
041 _a(Pt)
072 _aL10
100 1 _aMaria, A.N.
100 1 _aMurgas, L.D.S.
100 1 _aSilva, M.O.B.
100 1 _aMiliorini, A.B.
100 1 _aFranciscatto, R.T.
100 1 _aLogato, P.V.R.
245 1 _aInfluência da adição de iodeto de potássio e citrato de sódio na qualidade do sêmen de pacu (Piaractus mesopotamicus - Holmberg, 1887)
650 _aPACU
650 _aPISCICULTURA
650 _aSÊMEN
650 _aQUALIDADE
650 _aREPRODUÇÃO ARTIFICIAL
650 _aPOTÁSSIO
650 _aSÓDIO
773 0 _tCiência e Agrotecnologia (Brazil)
_xISSN 1413-7054
_g(Jan-Feb 2004), v. 28(1) p. 191-195
_wBR0502311
909 _a202311
_bLúcia
_c55
_dLúcia Elande
942 _2AGRIS
_n0
_cANA
999 _c182368
_d182368